| 000 | 00449nam a22001811a 4500 | ||
|---|---|---|---|
| 001 | 6418 | ||
| 003 | OSt | ||
| 005 | 20260204212050.0 | ||
| 008 | 060411s1998||||dr ||||||b||||||||||spa|| | ||
| 050 | _aRD 865.44 B181p | ||
| 100 | _aBalaguer, Joaquín | ||
| 245 | _aLa palabra encadenada / Joaquín Balaguer | ||
| 250 | _a3 | ||
| 264 | _aSanto Domingo : Corripio | ||
| 300 | _a420 p | ||
| 650 | _a1.Discurso Público - LiteraturaÌ | ||
| 942 |
_2ddc _cBK |
||
| 999 |
_c6418 _d6418 |
||